000 00949cam a2200217 a 4500
001 000008450
005 20200929161338.0
008 760504r19591979mx 000 1 spa
020 _a9681602595
040 _aDO-SdBNP
_bspa
_cBNPHU
082 _aM863.44
_bC355L
100 1 _aCastro Leal, Antonio,
_d1896-1981
_922737
245 1 3 _aEl laurel de San Lorenzo /
_cAntonio Castro Leal.
260 _aMéxico, D. F. :
_bFondo de Cultura Económica,
_c1959.
300 _a201 p. ;
_c17 cm.
490 1 _aPopular
_v180
505 0 _aEl laurel de San Lorenzo -- Adriana -- El Principe Czerwinski -- El espia del alma -- El dragon pragmatista -- Un dia de sol en otono -- El examen de fisica -- El cazador del ritmo universal -- El coleccionista de almas -- El imperialismo andaluz -- La literatura no se cotiza -- Una historia del siglo XX.
650 4 _aCuentos mexicanos
_911371
650 4 _aLiteratura mexicana
_91922
830 0 _aPopular ;
_v180
_913374
999 _c8221
_d8221